000 00348nam a2200133Ia 4500
008 151001s9999||||xx |||||||||||||| ||und||
100 _aJ. H. Dave
245 _aImmortal India Vol 1
250 _a2
260 _bBharatiya Vidye Bhavan
260 _c1960
300 _a232
365 _b7
999 _c952843
_d952840